000 00381nam a2200133Ia 4500
008 151001s9999||||xx |||||||||||||| ||und||
100 _aसुनिता पुंगलिया
245 _aस्त्री आणि कायदा
250 _a3
260 _bवुमेन्स फौंडेशन
260 _c1937
300 _a102
365 _b21
999 _c967875
_d967872